| 000 | 00393nam a22001577a 4500 | ||
|---|---|---|---|
| 003 | OSt | ||
| 005 | 20250227145336.0 | ||
| 008 | 250227b |||||||| |||| 00| 0 eng d | ||
| 020 | _a9789386478214 | ||
| 040 | _c | ||
| 082 |
_a510 _bHAR |
||
| 245 |
_aHandbook or Engineering Mathematics Formulae _cHarish Rai, Himanshu |
||
| 250 | _a1 | ||
| 260 |
_bCBC _c2018 |
||
| 942 |
_2ddc _cBK _e1 _k510 _mHAR _n0 |
||
| 999 |
_c36145 _d36145 |
||